Derecho registral y notarial : (Registro nro. 22189)

Detalles MARC
000 -Cabecera
Campo de control interno 00507nam a22002057a 4500
005 - Fecha y hora del registro
control field 20260406183622.0
008 - Elementos de Longitud Fija
fixed length control field 260406b |||||||| |||| 00| 0 spa d
041 ## - Idioma
Codigo Idioma ESP
082 ## - DEWEY y NOTACIÓN INTERNA
Dewey 346.13
Notación Interna G67 T. 2
100 ## - AUTOR
Autor denominación Gonzales Barrón, Gunther
245 ## - TÍTULO DE MATERIAL BIBLIOGRÁFICO
Título Derecho registral y notarial :
Título paralelo (derecho registral)
260 ## - CIUDAD, EDITORIAL, AÑO
Ciudad :
Nombre de la Editorial ,
Año 2012
300 ## - DESCRIPCIÓN
N° Páginas 1510 páginas :
Otros detalles ;
Dimensiones 24 cm.
440 ## - MENCIÓN DE SERIE
Título de la Serie ;
650 ## - TEMAS
Temas Derecho
654 ## - PROGRAMAS
Programa Dpto. de Derecho y Ciencia Política
700 ## - OTROS AUTORES
Otros autores ;
942 ## - ELEMENTOS DE KOHA
Tipo de documento Libro
Nombre del creador Justo Noguera
Código de catalogador Justo Noguera
Suppress in OPAC No
Esquema de clasificación Dewey Decimal Classification
Existencias
Codigo completo Registro Colección Copia número Disponibilidad Tipo de préstamo Biblioteca Actual Procedencia (Biblioteca) Ubicacón Fecha Ingreso Tipo de Adquisición Date last seen Total checkouts Price effective from Tipo de Item Estado del Material Fuente de Clasificación Damaged status Withdrawn status
346.13 G67 T. 2 1038599 Universidad Católica San Pablo 1 Disponible Disponible Víctor Andrés Belaunde Víctor Andrés Belaunde Primer piso 06/04/2026 Compra 06/04/2026   06/04/2026 Libro Bueno Dewey Decimal Classification